words start R [250 common english word] - Statistics

General Stats
  • This quiz has been taken 10 times
  • The average score is 3 of 5
Answer Stats
Hint Answer % Correct
2 real
70%
1 read
60%
3 right
60%
5 run
60%
4 round
30%
No matching quizzes found
Score Distribution
Percent of People with Each Score
Percentile by Number Answered
Your Score History
You have not taken this quiz